000
00198 a2200097 4500
020
_a
9780525553908
041
_a
eng
100
_a
Victoria Jamieson
245
_a
When Stars are Scattered
942
_c
K
999
_c
26208
_d
26208